Len žiadna krv

Rozhovor s jedným zo zakladateľov služby na internete Diagnose.me. Služba Diagnose.me - platforma, ktorá umožňuje spojiť sa so špičkovými rádiológmi z rôznych častí sveta a tak získať druhý lekársky názor. Projekt Interklinik.sk.

Na minha lista:
Detalhes bibliográficos
Autor principal: Porubský, Juraj
Outros Autores: Vavrová, Tatiana, Alner, Lukáš
Formato: Capítulo de Livro
Idioma:eslovaco
Assuntos:
Tags: Adicionar Tag
Sem tags, seja o primeiro a adicionar uma tag!

MARC

LEADER 00000naa a2200000 4500
001 0191218
005 20231013091136.1
041 0 |a slo 
044 |a SK 
245 1 0 |a Len žiadna krv  |c Juraj Porubský, Tatiana Vavrová, Lukáš Alner 
520 |a Rozhovor s jedným zo zakladateľov služby na internete Diagnose.me. Služba Diagnose.me - platforma, ktorá umožňuje spojiť sa so špičkovými rádiológmi z rôznych častí sveta a tak získať druhý lekársky názor. Projekt Interklinik.sk. 
610 2 0 |a internet 
610 2 0 |a služby 
610 2 0 |a zdravie 
610 2 0 |a zdravotníctvo 
610 2 0 |a podnikanie elektronické 
100 1 |a Porubský, Juraj 
700 1 |a Vavrová, Tatiana 
700 1 |a Alner, Lukáš